000 00505nam a22001577a 4500
005 20251108165509.0
008 250721s1986 xx 000 0 ara d
082 1 4 _aم/216.4/صال
100 1 _aالفوزان، صالح بن فوزان بن عبد الله
245 1 0 _aالتحقيقات المرضيه فب المباحث الفرضيه /
264 1 _aالرياض :
_bمكتبة المعارف،
_c1986.
300 _a295ص
650 1 7 _aالمواريث
942 _2ddc
_cREF
999 _c29306
_d29306